Statistiken für League Of Legends Worlds 2021

Klicken Sie hier um das Quiz zu spielen!

Allgemein

  • Dieses Quiz wurde 140 mal gespielt
  • Das Durchschnittsergebnis liegt bei 12 aus 16

Antwortstatistiken

RegionTeam% Korrekt
EuropeFnatic
95%
KoreaT1
93%
EuropeMAD Lions
87%
North AmericaCloud9
86%
ChinaEDward Gaming
84%
KoreaGen.G
80%
North AmericaTeam Liquid
79%
EuropeRogue
77%
ChinaRoyal Never Give Up
76%
KoreaDWG KIA
72%
PCS (Hong Kong)PSG Talon
68%
North America100 Thieves
61%
ChinaFunPlus Phoenix
60%
JapanDetonatioN FocusMe
59%
ChinaLNG Esports
52%
KoreanHanwha Life Esports
51%

Verteilung der Resultate

Perzentil nach korrekt beantworteten Fragen

Anzahl Personen mit jedem Resultat

Ihre Resultats-Entwicklung

Sie haben dieses Quiz noch nicht gespielt